| 000 | 00831nam a2200229 a 4500 | ||
|---|---|---|---|
| 005 | 20231128063714.0 | ||
| 008 | 991125s1982 mx 000 0 spa u | ||
| 020 | _a9688005703 | ||
| 035 | _aUPN01000002799 | ||
| 049 | _aSEP | ||
| 050 | 4 |
_aLC2631 _bE7 no.16 |
|
| 100 | 1 | _aHernández Carmona, Amador | |
| 245 | 1 | 0 |
_aAnálisis morfosintáctico del constituyente nominal en el totonaco de Caxhuacan, Pue. / _cAmador Hernández Carmona. |
| 260 |
_aMéxico : _bINI : _bSEP, _c1982. |
||
| 300 | _a199 p. | ||
| 440 | 0 |
_aEtnolinguística ; _v16 |
|
| 500 | _aA la cabeza de la portada: Programa de Formación Profesional de Etnoliongüística. SEP. INI. CIESA | ||
| 500 | _aTrabajo presentado originalmente como tesis | ||
| 650 | 4 |
_aIndígenas de México _xEducación _910 |
|
| 650 | 4 |
_aTOTONACO - _xGRAMATICA COMPARADA |
|
| 905 | _aLibro | ||
| 999 |
_c2799 _d2799 |
||